Difficult Capital Cities - Sudden Death - Statistics

General Stats
  • This quiz has been taken 80 times
  • The average score is 13 of 20
Answers on the Grid
Answers color-coded by a green-red scale on the quiz's grid according to % correct below.
ALEPPO
ALMATY
ANTANANARIVO
BANDAR SERI BEGAWAN
BANJUL
BISSAU
BUJUMBURA
COTONOU
DAR ES SALAAM
FUNAFUTI
GABORONE
GUAYAQUIL
KARACHI
LIBREVILLE
MAJURO
MBABANE
MUMBAI
NAYPIYDAW
NOUAKCHOTT
NUKU'ALOFA
PODGORICA
PORT LOUIS
PORT VILA
PRAIA
RAMALLAH
ROSEAU
SAINT GEORGE'S
TEGUCIGALPA
 
Answer Stats
Answer % Correct
BISSAU
92%
ANTANANARIVO
88%
BANDAR SERI BEGAWAN
85%
PODGORICA
73%
BANJUL
69%
FUNAFUTI
65%
GABORONE
65%
LIBREVILLE
65%
MAJURO
65%
NAYPIYDAW
65%
NOUAKCHOTT
65%
PORT LOUIS
65%
ROSEAU
65%
TEGUCIGALPA
65%
MBABANE
62%
PORT VILA
62%
PRAIA
62%
SAINT GEORGE'S
62%
NUKU'ALOFA
58%
COTONOU
23%
No matching quizzes found
Score Distribution
Percent of People with Each Score
Percentile by Number Answered
Your Score History
You have not taken this quiz